NFL 1st Round Draft Picks: Buffalo Bills - Statistics

General Stats
  • This quiz has been taken 46 times
  • The average score is 18 of 67
Answer Stats
Season Pick Player Position College % Correct
2018 7 Josh Allen QB Wyoming
98%
1983 14 Jim Kelly QB Miami (FL)
83%
2017 27 Tre'Davious White CB LSU
78%
2023 25 Dalton Kincaid TE Utah
76%
2019 9 Ed Oliver DT Houston
73%
2022 23 Kaiir Elam CB Florida
71%
2013 16 EJ Manuel QB Florida State
68%
1997 23 Antowain Smith RB Houston
66%
1985 1 Bruce Smith DE Virginia Tech
66%
2014 4 Sammy Watkins WR Clemson
66%
1993 28 Thomas Smith DB North Carolina
66%
2018 16 Tremaine Edmunds LB Virginia Tech
66%
2021 30 Gregory Rousseau DE Miami (FL)
61%
1969 1 O. J. Simpson RB USC
59%
2010 9 C. J. Spiller RB Clemson
54%
2007 12 Marshawn Lynch RB California
54%
1990 16 James Williams DB Fresno State
41%
2004 22 J. P. Losman QB Tulane
41%
2002 4 Mike Williams T Texas
41%
2011 3 Marcell Dareus DT Alabama
39%
2012 10 Stephon Gilmore CB South Carolina
39%
2004 13 Lee Evans WR Wisconsin
34%
2016 19 Shaq Lawson DE Clemson
34%
2009 28 Eric Wood C Louisville
32%
2003 23 Willis McGahee RB Miami (FL)
32%
1996 24 Eric Moulds WR Mississippi State
27%
1991 26 Henry Jones DB Illinois
27%
2006 8 Donte Whitner S Ohio State
24%
1995 14 Ruben Brown G Pittsburgh
24%
2008 11 Leodis McKelvin DB Troy
20%
1962 4 Ernie Davis HB Syracuse
15%
1987 8 Shane Conlan LB Penn State
15%
1999 23 Antoine Winfield DB Ohio State
12%
2009 11 Aaron Maybin DE Penn State
10%
1986 20 Will Wolford T Vanderbilt
10%
1981 28 Booker Moore RB Penn State
7%
2000 26 Erik Flowers DE Arizona State
7%
1984 26 Greg Bell RB Notre Dame
7%
1994 27 Jeff Burris DB Notre Dame
7%
1973 26 Joe DeLamielleure G Michigan State
7%
2006 26 John McCargo DT N.C. State
7%
2001 21 Nate Clements DB Ohio State
7%
1986 16 Ronnie Harmon RB Iowa
7%
1979 1 Tom Cousineau LB Ohio State
7%
1972 1 Walt Patulski DE Notre Dame
7%
1970 5 Al Cowlings DT USC
5%
1964 5 Carl Eller DE Minnesota
5%
1963 4 Dave Behrman C Michigan State
5%
1985 14 Derrick Burroughs DB Memphis State
5%
1968 9 Haven Moses WR San Diego State
5%
1971 4 J. D. Hill WR Arizona State
5%
1979 5 Jerry Butler WR Clemson
5%
1965 8 Jim Davidson T Ohio State
5%
1980 16 Jim Ritcher C N.C. State
5%
1992 27 John Fina T Arizona
5%
1967 22 John Pitts S Arizona State
5%
1961 1 Ken Rice T Auburn
5%
1976 18 MarioClark DB Oregon
5%
1966 8 Mike Dennis RB Ole Miss
5%
1973 7 Paul Seymour TE Michigan
5%
1982 19 Perry Tuttle WR Clemson
5%
1977 12 Phil Dokes DT Oklahoma State
5%
1974 18 Reuben Gant TE Oklahoma State
5%
1960 Territorial Richie Lucas QB Penn State
5%
1978 5 Terry Miller RB Oklahoma State
5%
1975 19 Tom Ruud LB Nebraska
5%
1983 12 Tony Hunter TE Notre Dame
5%
No matching quizzes found
Score Distribution
Percent of People with Each Score
Percentile by Number Answered
Your Score History
You have not taken this quiz